HP B2 C3 - Statistics

General Stats
  • This quiz has been taken 12 times
  • The average score is 43 of 138
Answer Stats
Term Answer % Correct
Habilidad Ability
100%
Adquirir Acquire
100%
Tan Como As
100%
Repostería Bakery
100%
Trepar Climb
100%
Caña De Pescar Fishing Rod
100%
Voltear Flip
100%
Flotante Floating
100%
Freír Fry
100%
Horizonte Horizon
100%
Laguna Lake
100%
Anoche Last Night
100%
Turquesa Turquoise
100%
Delantal Apron
50%
En Torno Around
50%
Farfullar Babble
50%
Caramba Blimey
50%
Resplandor Brightness
50%
Madriguera Burrow
50%
Mata Bush
50%
Nublado Cloudy
50%
Acompañante Companion
50%
Incumbir Concern
50%
Decaer Decay
50%
Pecera Fish Tank
50%
Encajar Fit
50%
Espantar Frighten
50%
Garaje Garage
50%
Vistazo Glance
50%
Planear Glide
50%
Asir Grab
50%
Agarrar Grasp
50%
Horquilla Hairpin
50%
Titubear Hesitate
50%
Cadera Hip
50%
Indebido Improper
50%
Al Dedillo Inside Out
50%
Chorro Jet
50%
Lazo Lasso
50%
Alféizar Ledge
50%
Jurídico Legal
50%
Terrón Lump
50%
Sordo Muffled
50%
Opinar Opine
50%
Amo Owner
50%
Plaga Plague
50%
Rolliza Plump
50%
Estanque Pond
50%
Poseer Possess
50%
Siempre Y Cuando Provided That
50%
Redada Raid
50%
Reprimenda Reprimand
50%
Tejado Roof
50%
Escasa Scarce
50%
Cobertizo Shed
50%
Fregadero Sink
50%
Sorbo Sip
50%
Untar Spread
50%
Apretujar Squeeze
50%
Sigilosamente Stealthily
50%
Forcejeo Struggle
50%
Tocón Stump
50%
Sorprendente Surprisingly
50%
Sospechoso Suspicious
50%
Aterrador Terrifying
50%
Tenacillas Tongs
50%
Atormentar Torment
50%
Unísono Unison
50%
Muro Wall
50%
Ondulado Wavy
50%
Azotar Whip
50%
Parabrisas Windshield
50%
Al Respecto About It
0%
Acelerador Accelarator
0%
Solariego Ancestral
0%
Anticuario Antique Dealer
0%
Ático Attic
0%
Colcha Bedspread
0%
Mugido Bellow
0%
Reventar Burst
0%
Mediante By Means Of
0%
Cañón Cannon
0%
Descaro Cheek
0%
Desconchar Chip
0%
Aferrado Clinging
0%
Colapso Collapse
0%
Cachivache Contraption
0%
Atajar Cut Short
0%
Salpicadero Dashboard
0%
Baraja Deck
0%
Entrega Delivery
0%
Desmadrar Deteriorate
0%
Mermar Diminish
0%
Tenue Faint
0%
Hurón Ferret
0%
Tramo Flight
0%
Enronquecer Go Hoarse
0%
Bondadoso Good Hearted
0%
Indicador Indicator
0%
Amilanar Intimidate
0%
Involuntariamente Involuntarily
0%
Revoltijo Jumble
0%
Nudoso Knotty
0%
Encojar Lame
0%
Liga League
0%
Recostar Lean
0%
Forrado Loaded
0%
Desván Loft
0%
Repisa Mantelpiece
0%
Musitar Mumble
0%
Camisón Nightdress
0%
Noveno Ninth
0%
Curiosear Nose Around
0%
A Hurtadillas On The Sly
0%
Abiertamente Openly
0%
Alborozado Overjoyed
0%
Pocilga Pigpen
0%
Pila Pile
0%
Atizador Poker
0%
Aporrear Pound
0%
Restregar Rub
0%
Esparcir Scatter
0%
Barajar Shuffle
0%
Enternecer Soften
0%
Esfera Sphere
0%
Alucinado Stunned
0%
Partidario Supporter
0%
Curtido Tanned
0%
Chisme Thingy
0%
Atronador Thunderous
0%
Portada Title Page
0%
Tirón Tug
0%
Maleza Undergrowth
0%
Desordenadamente Untidily
0%
Vivaracho Vivacious
0%
Apercibimiento Warning
0%
Destacado Well Known
0%
De Par En Par Wide Open
0%
No matching quizzes found
Score Distribution
Percent of People with Each Score
Percentile by Number Answered
Your Score History
You have not taken this quiz